00428 2200181 4500001002100000005001500021035002000036007000300056008004100059020001500100082000800115084001400123100001300137245002900150260004100179856001700220990000900237INLIS00000000000094720220913071751 a0010-0922000228ta220913 g 0 ind  a9792672331 a500 a500 WAH t0 aWahyudin1 aTubuh kita dan kesehatan aJakarta :bArmandelta Selaras,c2006 aKoleksi Umum a1734